[Event "Sarajevo Bosna op 48th"]
[Site "Sarajevo"]
[Date "2018.05.06"]
[Round "2"]
[White "Nestorovic, Katarina"]
[Black "Rakita, Jandrija"]
[Result "1-0"]
[WhiteElo "2038"]
[BlackElo "1688"]
[PlyCount "111"]
[EventDate "2018.05.05"]
[EventType "swiss"]
[EventRounds "9"]
[EventCountry "BIH"]
[SourceTitle "CBM 184 Extra"]
[Source "ChessBase"]
[SourceDate "2018.06.28"]
[SourceVersion "1"]
[SourceVersionDate "2018.06.28"]
[SourceQuality "1"]

1. e4 e5 2. Bc4 Nf6 3. d3 h6 4. Nc3 Be7 5. f4 exf4 6. Bxf4 d6 7. Nf3 Nc6 8. 0-0 Na5 9. Bb3 Nxb3 10. axb3 Bg4 11. Qe1 Nh5 12. Be3 0-0 13. Nd5 c6 14. Nxe7+ Qxe7 15. Nh4 Kh7 16. Nf5 Bxf5 17. Rxf5 g6 18. Rf3 Ng7 19. Qd2 h5 20. Bd4 c5 21. Bf6 Qd7 22. Raf1 Ne6 23. Qf2 Kg8 24. Qh4 Nd4 25. R3f2 Qg4 26. Qxg4 hxg4 27. Kh1 Rae8 28. Rf4 Ne6 29. Rxg4 Ng7 30. h4 Nh5 31. Bc3 Re6 32. Rf5 Kh7 33. Rf3 f5 34. exf5 Rxf5 35. Rxf5 gxf5 36. Rg5 Kh6 37. Kh2 f4 38. Rd5 Kg6 39. b4 b6 40. d4 cxd4 41. Bxd4 Ng3 42. Kh3 Nf5 43. h5+ Kg5 44. Bg7 Re3+ 45. Kh2 Kg4 46. h6 Ng3 47. Rd1 Re2 48. h7 f3 49. Rd4+ Ne4 50. Rxe4+ Rxe4 51. gxf3+ Kxf3 52. h8Q Re2+ 53. Kh3 Rxc2 54. Qh5+ Ke3 55. Bh6+ Kd4 56. Qd1+ 1-0

[Event "Sarajevo Bosna op 47th"]
[Site "Sarajevo"]
[Date "2017.05.13"]
[Round "1"]
[White "Velikic, Adela"]
[Black "Rakita, Jandrija"]
[Result "1-0"]
[WhiteElo "2204"]
[BlackElo "1680"]
[PlyCount "101"]
[EventDate "2017.05.13"]
[EventType "swiss"]
[EventRounds "9"]
[EventCountry "BIH"]
[SourceTitle "CBM 178 Extra"]
[Source "ChessBase"]
[SourceDate "2017.06.22"]
[SourceVersion "1"]
[SourceVersionDate "2017.06.22"]
[SourceQuality "1"]

1. e4 e5 2. Nf3 d6 3. d4 exd4 4. Qxd4 Nc6 5. Bb5 Bd7 6. Bxc6 Bxc6 7. Nc3 Nf6 8. Bf4 Be7 9. Rg1 Qd7 10. g4 Nxg4 11. Qxg7 Bf6 12. Qxg4 Qxg4 13. Rxg4 Bxc3+ 14. bxc3 Bxe4 15. Nd4 0-0-0 16. Kd2 a6 17. Bg5 Rde8 18. Bf6 Rhg8 19. Rxg8 Rxg8 20. Re1 d5 21. f3 Rg2+ 22. Kd1 c5 23. fxe4 cxd4 24. exd5 dxc3 25. Bxc3 Rxh2 26. Bf6 Rf2 27. Re8+ Kd7 28. Rd8+ Kc7 29. d6+ Kc6 30. Be7 b5 31. Rc8+ Kd7 32. Rc7+ Ke6 33. Bf8 Rf5 34. Ke2 Rd5 35. Ra7 h5 36. Rxa6 h4 37. Ra3 Rh5 38. Re3+ Kd7 39. Rh3 Rc5 40. Kd3 Rc4 41. Be7 Ra4 42. Rxh4 Ra3+ 43. c3 Rxa2 44. Rf4 Ke6 45. Rf6+ Kd7 46. Rxf7 Ra8 47. Rf8 Ra7 48. Kd4 Ra1 49. Kd5 Rd1+ 50. Kc5 b4 51. Kxb4 1-0